000 00511nam a2200181Ia 4500
005 20250227032633.0
008 240331s9999 xx 000 0 und d
082 _bANE
_23321
_a920
245 0 _aVarakavi Sheik Alawdeen Padalhal:
_bThokuppum Aiwum
260 _aColombo
_bOffice of the Minister of Muslim Religious and Cultural Affairs
_c1991
300 _a190 p.,
650 _aMuslim Tamil
650 _aIslam
650 _aPoetry
650 _aLiterary Works
700 _aAnes, M. S. M
_eedt
942 _cL
999 _c4259
_d4259